[Event "XXIV Weekend B"]
[Site "Ceriano Laghetto"]
[Date "2015.03.06"]
[Round "1"]
[White "Orlandini, Andrea"]
[Black "Milanesi, Erminio"]
[WhiteElo "1646"]
[BlackElo "1776"]
[Result "0-1"]
[PlyCount "110"]
[EventDate "2015.03.06"]

1. e4 g6 2. d4 Nh6 3. c4 f6 4. Nc3 Nf7 5. Nf3 Bg7 6. Be2 O-O 7. O-O d6 8. Re1
Nd7 9. Be3 c6 10. Rc1 e5 11. d5 c5 12. a3 f5 13. b4 f4 14. Bd2 b6 15. Bf1 g5
16. h3 h5 17. Nh2 Nf6 18. Be2 h4 19. bxc5 bxc5 20. Ng4 a6 21. Nxf6+ Bxf6 22.
Rb1 Qc7 23. Qb3 Bd8 24. Rb2 Ra7 25. Reb1 Nh6 26. Nd1 Rb7 27. Qd3 Rxb2 28. Rxb2
g4 29. hxg4 Nxg4 30. f3 Nf6 31. Nf2 Qg7 32. Kf1 h3 33. gxh3 Qg3 34. Bd1 Bxh3+
35. Ke2 Qg2 36. Be1 Qf1+ 37. Kd2 Ba5+ 38. Kc1 Bxe1 39. Qxf1 Bxf1 40. Bb3 Bc3
41. Rc2 Bd4 42. Kd1 Kf7 43. Ke1 Rb8 44. Ba2 Bg2 45. Ke2 Rb2 46. Rxb2 Bxb2 47.
Bb3 Bxa3 48. Ba4 Nh5 49. Nd1 Ng3+ 50. Kf2 Bf1 51. Bb3 Bc1 52. Nc3 Be3+ 53. Ke1
Bg2 54. Na4 Bxf3 55. Nb6 Bg4 0-1

[Event "XXIV Weekend B"]
[Site "Ceriano Laghetto"]
[Date "2015.03.06"]
[Round "1"]
[White "Poletto, Daniele"]
[Black "Moroni, Luca"]
[WhiteElo "1708"]
[BlackElo "1833"]
[Result "0-1"]
[PlyCount "152"]
[EventDate "2015.03.06"]

1. c4 c5 2. Nc3 d6 3. g3 Nf6 4. Bg2 Nc6 5. e4 g6 6. Nge2 Bg7 7. O-O O-O 8. d3
Rb8 9. Rb1 Bd7 10. h3 a6 11. a3 b5 12. cxb5 axb5 13. b4 Nd4 14. Nxd4 cxd4 15.
Ne2 e5 16. Bb2 Rc8 17. Rc1 Qe7 18. Qd2 Be6 19. Rxc8 Rxc8 20. Rc1 Rc7 21. Rxc7
Qxc7 22. Qc1 Qxc1+ 23. Nxc1 Nd7 24. h4 Nb6 25. Bf3 Na4 26. Ba1 Bh6 27. Ne2 Bb3
28. g4 Bd2 29. Bxd4 exd4 30. Nxd4 Be6 31. Nxb5 Bc1 32. Nxd6 Bxa3 33. e5 Bxb4
34. Bc6 Bxd6 35. exd6 Nb6 36. g5 Kg7 37. Kg2 Bd7 38. Be4 Nc8 39. Kg3 Nxd6 40.
Ba8 Kf8 41. f3 Ke7 42. h5 Bf5 43. hxg6 hxg6 44. d4 Nb5 45. Kf4 Nxd4 46. Ke5 Ne6
47. f4 Nc5 48. Kd4 Kd6 49. Ke3 Ne6 50. Bb7 Ng7 51. Ba8 Be6 52. Bb7 Nf5+ 53. Ke4
Ne7 54. Ke3 Bd5 55. Ba6 Nf5+ 56. Kd3 Kc5 57. Bc8 Nd6 58. Bg4 Be4+ 59. Ke3 Bf5
60. Bd1 Nc4+ 61. Kf3 Kd4 62. Ba4 Nd6 63. Bb3 Be6 64. Ba4 Nc4 65. Be8 Nd2+ 66.
Kg3 Ke3 67. f5 Ne4+ 68. Kh4 gxf5 69. g6 fxg6 70. Bxg6 f4 71. Bh5 Bc4 72. Bg4
Be2 73. Bh3 f3 74. Kh5 f2+ 75. Kg6 Nd2 76. Kf5 Bf1 0-1

[Event "XXIV Weekend B"]
[Site "Ceriano Laghetto"]
[Date "2015.03.06"]
[Round "1"]
[White "Regorda, Vittorio"]
[Black "Scovazzi, Tullio"]
[WhiteElo "1791"]
[BlackElo "1679"]
[Result "1-0"]
[PlyCount "45"]
[EventDate "2015.03.06"]

1. d4 d5 2. c4 dxc4 3. e3 c5 4. Nf3 Nf6 5. Bxc4 e6 6. O-O a6 7. Qe2 b5 8. Bb3
Bb7 9. dxc5 Bxc5 10. Rd1 Qb6 11. Nc3 O-O 12. Bc2 Nbd7 13. a3 Rfd8 14. b4 Bf8
15. Bb2 g6 16. Rac1 Bg7 17. Nb1 Nd5 18. Bxg7 Kxg7 19. Bb3 Rac8 20. Qb2+ Kg8 21.
Bxd5 Bxd5 22. Nbd2 Nf6 23. Qxf6 1-0

[Event "XXIV Weekend B"]
[Site "Ceriano Laghetto"]
[Date "2015.03.06"]
[Round "1"]
[White "Ronconi, Fausto"]
[Black "Revinelli, Sergio"]
[WhiteElo "1679"]
[BlackElo "1795"]
[Result "0-1"]
[PlyCount "88"]
[EventDate "2015.03.06"]

1. d4 d5 2. c4 c6 3. cxd5 cxd5 4. Bf4 Nc6 5. Nf3 Nf6 6. Nc3 Ne4 7. Rc1 Nxc3 8.
bxc3 Qa5 9. Qb3 g6 10. Ne5 Nxd4 11. Qb2 Bg7 12. e3 Nc6 13. Bb5 Bxe5 14. Bxe5 f6
15. Bg3 O-O 16. O-O Qb6 17. Qb3 Be6 18. Rb1 Ne5 19. Qd1 Qc5 20. Be2 b6 21. Qb3
Rfc8 22. Rfc1 Bf5 23. Rb2 Nc6 24. Bf3 e6 25. Rd2 b5 26. Qd1 a6 27. Bh4 g5 28.
g4 Bg6 29. Bg3 Rd8 30. Qe1 Rac8 31. e4 dxe4 32. Rxd8+ Rxd8 33. Bxe4 Bxe4 34.
Qxe4 Qd5 35. Qe3 Qxa2 36. Qb6 Qd2 37. Ra1 Qxc3 38. Rxa6 Qf3 39. Ra1 Rd1+ 40.
Rxd1 Qxd1+ 41. Kg2 Qd5+ 42. Kg1 Nd4 43. Qb8+ Kf7 44. Qc7+ Kg6 0-1

[Event "XXIV Weekend B"]
[Site "Ceriano Laghetto"]
[Date "2015.03.06"]
[Round "1"]
[White "Viale, Fabio"]
[Black "Pedemonte, Claudio"]
[WhiteElo "1825"]
[BlackElo "1707"]
[Result "1/2-1/2"]
[PlyCount "99"]
[EventDate "2015.03.06"]

1. d4 d6 2. c4 e5 3. dxe5 dxe5 4. Qxd8+ Kxd8 5. Nc3 Be6 6. Nf3 f6 7. e4 c6 8.
Be3 Nd7 9. a3 Bc5 10. Bxc5 Nxc5 11. b4 Nd7 12. Rd1 Kc7 13. Be2 Nh6 14. O-O Nb6
15. Nd2 Rad8 16. c5 Nc8 17. Nc4 Nf7 18. a4 Rxd1 19. Rxd1 Rd8 20. Rxd8 Nxd8 21.
g3 Bf7 22. f4 exf4 23. gxf4 Ne6 24. f5 Nd4 25. Nd2 Nxe2+ 26. Nxe2 Ne7 27. Nd4
Kd7 28. Kf2 a6 29. Kg3 g6 30. Kf4 g5+ 31. Kg3 h5 32. h4 gxh4+ 33. Kxh4 Ng8 34.
Nf1 Nh6 35. Ng3 Ng4 36. Nf3 Ne3 37. e5 Ng2+ 38. Kh3 Nf4+ 39. Kh2 fxe5 40. Nxe5+
Ke7 41. Ne4 Nd5 42. Nd6 Bg8 43. Nd3 Bh7 44. b5 cxb5 45. axb5 axb5 46. Kg3 b4
47. Kh4 Kf6 48. Kxh5 Bxf5 49. Nxb4 Nxb4 50. Nxb7 1/2-1/2

[Event "XXIV Weekend B"]
[Site "Ceriano Laghetto"]
[Date "2015.03.07"]
[Round "2"]
[White "Baronio, Gaia"]
[Black "Greco, Umberto"]
[WhiteElo "1822"]
[BlackElo "1705"]
[Result "1-0"]
[PlyCount "97"]
[EventDate "2015.03.06"]

1. e4 c5 2. Nf3 Nc6 3. d4 cxd4 4. Nxd4 g6 5. Be2 Bg7 6. Nb3 Nf6 7. Nc3 O-O 8.
Be3 d6 9. f3 Be6 10. h4 Nh5 11. g4 Ng3 12. Rg1 Nxe2 13. Qxe2 Bxb3 14. axb3 Bd4
15. O-O-O Bxe3+ 16. Qxe3 Nb4 17. h5 Qa5 18. hxg6 fxg6 19. Qe2 Qa1+ 20. Kd2 Qxb2
21. Qc4+ Kh8 22. Qxb4 Rxf3 23. Qd4+ e5 24. Qc4 Rf2+ 25. Ne2 Qa3 26. Ra1 Qc5 27.
Qxc5 dxc5 28. Raf1 Rd8+ 29. Ke3 Rh2 30. Rh1 Rxh1 31. Rxh1 Kg7 32. Nc1 b6 33.
Nd3 Re8 34. g5 Re7 35. Kd2 Kf8 36. Kc3 Ke8 37. Kc4 a6 38. Kd5 Kf8 39. Nxe5 Kg7
40. Nd3 Rf7 41. Rh2 Rf3 42. Rg2 h6 43. gxh6+ Kxh6 44. Ne5 Rc3 45. Rxg6+ Kh7 46.
Rxb6 Rxc2 47. Rxa6 Rc3 48. Rb6 Kg7 49. Nc4 1-0

[Event "XXIV Weekend B"]
[Site "Ceriano Laghetto"]
[Date "2015.03.07"]
[Round "2"]
[White "Burani, Eugenio"]
[Black "Ronconi, Fausto"]
[WhiteElo "1813"]
[BlackElo "1679"]
[Result "0-1"]
[PlyCount "128"]
[EventDate "2015.03.06"]

1. e4 e6 2. d4 d5 3. e5 c5 4. c3 Nc6 5. Nf3 Bd7 6. a3 Rc8 7. b4 cxd4 8. cxd4
Qb6 9. Bb2 Na5 10. Nfd2 Ne7 11. Nc3 Nf5 12. Na4 Bxa4 13. Qxa4+ Nc6 14. Nb3 Be7
15. Bd3 O-O 16. Bxf5 exf5 17. O-O a6 18. Nc5 Bxc5 19. dxc5 Qc7 20. Qb3 Nxe5 21.
Qxd5 Ng4 22. g3 Nh6 23. Rae1 Rcd8 24. Qf3 Qd7 25. Bc1 Ng4 26. Bf4 Qd5 27. Qxd5
Rxd5 28. Bd6 Rc8 29. Re7 Nf6 30. Rfe1 Ne4 31. f3 Nxd6 32. cxd6 Rf8 33. Rd7 g6
34. Kg2 b5 35. Re3 Kg7 36. f4 Kf6 37. h3 h6 38. g4 fxg4 39. hxg4 Rd1 40. Rc3
Ke6 41. Rcc7 Rxd6 42. Rxd6+ Kxd6 43. Ra7 Kd5 44. Rxa6 Kc4 45. Ra7 f5 46. Kg3
fxg4 47. Kxg4 Rf6 48. Rc7+ Kb3 49. Rc5 Rb6 50. Re5 Kxa3 51. Re4 Rc6 52. Rd4 Ka4
53. Re4 Rc4 54. Re6 g5 55. Rxh6 gxf4 56. Kf3 Kxb4 57. Rb6 Ka4 58. Ke2 b4 59.
Kd3 Rc3+ 60. Kd2 f3 61. Rf6 Kb3 62. Ke1 Kc2 63. Rh6 b3 64. Rh2+ Kc1 0-1

[Event "XXIV Weekend B"]
[Site "Ceriano Laghetto"]
[Date "2015.03.07"]
[Round "2"]
[White "Carbone, Lorenzo"]
[Black "Cervini, Gian Piero"]
[WhiteElo "1605"]
[BlackElo "1743"]
[Result "1-0"]
[PlyCount "67"]
[EventDate "2015.03.06"]

1. e4 g6 2. d4 Bg7 3. Nf3 d6 4. c3 Nf6 5. Bd3 O-O 6. O-O c5 7. Na3 cxd4 8. cxd4
Nc6 9. Nc2 e5 10. dxe5 dxe5 11. h3 Qb6 12. Qe2 Nh5 13. Kh2 f5 14. Bc4+ Kh8 15.
Ng5 h6 16. Ne6 Bxe6 17. Bxe6 fxe4 18. Qxe4 Rf6 19. Bb3 Rd8 20. Be3 Nd4 21. Rad1
Rfd6 22. Rd2 Nxb3 23. Rxd6 Qxd6 24. axb3 b6 25. Ra1 Qd3 26. Qc4 e4 27. Rxa7
Bxb2 28. Qf7 Be5+ 29. g3 Ng7 30. Bxh6 Bxg3+ 31. Kg2 Rg8 32. Bxg7+ Kh7 33. Bf6+
Kh6 34. Qh7# 1-0

[Event "XXIV Weekend B"]
[Site "Ceriano Laghetto"]
[Date "2015.03.07"]
[Round "2"]
[White "Manco, David Jonatan"]
[Black "Galli, Agostino"]
[WhiteElo "1897"]
[BlackElo "1747"]
[Result "1/2-1/2"]
[PlyCount "118"]
[EventDate "2015.03.06"]

1. e4 e6 2. d4 c5 3. Nf3 Nf6 4. e5 Nd5 5. c4 Nb6 6. a4 d5 7. dxc5 Bxc5 8. a5
Nxc4 9. Bxc4 dxc4 10. Qxd8+ Kxd8 11. Bg5+ Ke8 12. O-O h6 13. Bd2 Bd7 14. Rc1
Bc6 15. Rxc4 Be7 16. Nd4 Kd7 17. Nc3 Na6 18. Nxc6 bxc6 19. Ne4 Rac8 20. Rd1
Rhd8 21. Bxh6+ Ke8 22. Bd2 Bb4 23. Rcc1 Bxd2 24. Nxd2 Nb4 25. Ne4 Ke7 26. Nd6
Rc7 27. Rc4 c5 28. f4 a6 29. Rdc1 Nd3 30. R1c3 Nxb2 31. Rxc5 Rxc5 32. Rxc5 Rd7
33. Rc6 Nd3 34. g3 f6 35. exf6+ gxf6 36. Ne4 f5 37. Nc5 Nxc5 38. Rxc5 Kd6 39.
Re5 Rb7 40. h3 Rb2 41. h4 Ra2 42. h5 Rb2 43. h6 Rb8 44. Re2 Ke7 45. h7 Kf7 46.
Rh2 Kg7 47. h8=Q+ Rxh8 48. Rxh8 Kxh8 49. Kf2 Kg7 50. Ke3 Kf6 51. Kd3 e5 52.
fxe5+ Kxe5 53. Ke3 Ke6 54. Kf2 Kf6 55. Kg2 Kg6 56. Kf3 Kg5 57. Ke3 Kg4 58. Kf2
f4 59. gxf4 Kxf4 1/2-1/2

[Event "XXIV Weekend B"]
[Site "Ceriano Laghetto"]
[Date "2015.03.07"]
[Round "2"]
[White "Mazzoccoli, Simone"]
[Black "Viale, Fabio"]
[WhiteElo "1733"]
[BlackElo "1825"]
[Result "1-0"]
[PlyCount "61"]
[EventDate "2015.03.06"]

1. e4 d5 2. exd5 Nf6 3. d4 Nxd5 4. c4 Nf6 5. Nf3 e6 6. Nc3 b6 7. Be2 Be7 8. O-O
O-O 9. Bf4 Bb7 10. a3 Bd6 11. Qd2 Bxf4 12. Qxf4 Qd6 13. Qxd6 cxd6 14. b4 Nbd7
15. Rfd1 Rfd8 16. Rac1 Ne4 17. Nxe4 Bxe4 18. Nd2 Bb7 19. f3 Nf6 20. Nb3 Rac8
21. c5 Bd5 22. Bc4 dxc5 23. Bxd5 Rxd5 24. dxc5 bxc5 25. Nxc5 Rxd1+ 26. Rxd1 Nd5
27. Rc1 g6 28. Kf2 Kg7 29. Nxe6+ fxe6 30. Rxc8 Kf6 31. Ra8 1-0

[Event "XXIV Weekend B"]
[Site "Ceriano Laghetto"]
[Date "2015.03.07"]
[Round "2"]
[White "Milanesi, Erminio"]
[Black "Canali, Marco"]
[WhiteElo "1776"]
[BlackElo "1819"]
[Result "1/2-1/2"]
[PlyCount "36"]
[EventDate "2015.03.06"]

1. g3 e5 2. Nh3 Nc6 3. f3 d6 4. Nf2 g6 5. Bg2 Bg7 6. c3 h5 7. e4 h4 8. g4 Bh6
9. d3 Bxc1 10. Qxc1 g5 11. h3 Qf6 12. Na3 a6 13. Nc2 Nge7 14. Qe3 Ng6 15. Rd1
Nf4 16. O-O Ne7 17. d4 Neg6 18. d5 Bd7 1/2-1/2

[Event "XXIV Weekend B"]
[Site "Ceriano Laghetto"]
[Date "2015.03.07"]
[Round "2"]
[White "Moroni, Luca"]
[Black "Alessandro, Sergio"]
[WhiteElo "1833"]
[BlackElo "1692"]
[Result "1/2-1/2"]
[PlyCount "35"]
[EventDate "2015.03.06"]

1. Nf3 Nf6 2. d4 d5 3. Bf4 c6 4. c3 Bf5 5. e3 e6 6. Bd3 Bxd3 7. Qxd3 Bd6 8.
Bxd6 Qxd6 9. Nbd2 Nbd7 10. O-O O-O 11. Rfe1 e5 12. dxe5 Nxe5 13. Nxe5 Qxe5 14.
Nf3 Qe4 15. Rad1 Rfe8 16. Qxe4 Rxe4 17. Rd4 Rae8 18. Rc1 1/2-1/2

[Event "XXIV Weekend B"]
[Site "Ceriano Laghetto"]
[Date "2015.03.07"]
[Round "2"]
[White "Pedemonte, Claudio"]
[Black "Bernasconi, Roberto"]
[WhiteElo "1707"]
[BlackElo "1891"]
[Result "0-1"]
[PlyCount "124"]
[EventDate "2015.03.06"]

1. c4 e5 2. Nc3 Nf6 3. g3 Be7 4. Bg2 c6 5. Nf3 d6 6. O-O O-O 7. d3 a5 8. b3
Nbd7 9. d4 exd4 10. Nxd4 Nc5 11. e4 Re8 12. Re1 Bf8 13. Bb2 Qb6 14. Qd2 Bg4 15.
h3 Bd7 16. Qc2 Rad8 17. Rad1 Bc8 18. Nde2 Ne6 19. Na4 Qa7 20. Qd3 Ng5 21. Nf4
Nd7 22. h4 Ne5 23. Qe3 Qxe3 24. Rxe3 Bg4 25. Rc1 Ngf3+ 26. Kh1 h6 27. Nc3 g5
28. hxg5 hxg5 29. Nd3 Re6 30. Bxf3 Bxf3+ 31. Rxf3 Nxf3 32. Kg2 Ne5 33. Rd1 Be7
34. f4 gxf4 35. Nxf4 Rh6 36. Nce2 Ng6 37. Nxg6 fxg6 38. Nf4 g5 39. Ne2 Re6 40.
Kf3 Rf8+ 41. Ke3 Bf6 42. Nd4 Bxd4+ 43. Kxd4 Rf2 44. Bc1 g4 45. Bd2 Re2 46. Bxa5
R2xe4+ 47. Kc3 Re3+ 48. Rd3 Kf7 49. Bb6 c5 50. a3 Kf6 51. b4 Rxd3+ 52. Kxd3
cxb4 53. axb4 Re1 54. Kd4 Ke6 55. Ba5 Rg1 56. c5 dxc5+ 57. bxc5 Rxg3 58. Ke4
Rg2 59. Bc7 Kd7 60. Bf4 Kc6 61. Be3 Re2 62. Kf4 Rxe3 0-1

[Event "XXIV Weekend B"]
[Site "Ceriano Laghetto"]
[Date "2015.03.07"]
[Round "2"]
[White "Ranieri, Matteo"]
[Black "Monticelli, Francesco"]
[WhiteElo "1688"]
[BlackElo "1733"]
[Result "1/2-1/2"]
[PlyCount "37"]
[EventDate "2015.03.06"]

1. d4 d5 2. Nf3 Nf6 3. Bg5 c6 4. Nbd2 Bf5 5. e3 Nbd7 6. h3 h6 7. Bf4 e6 8. c4
Qa5 9. a3 dxc4 10. Bxc4 b5 11. Be2 Be7 12. O-O O-O 13. b4 Qb6 14. Nb3 Nd5 15.
Bh2 Nc3 16. Qd2 Nxe2+ 17. Qxe2 Be4 18. Rac1 Rfc8 19. Ne5 1/2-1/2

[Event "XXIV Weekend B"]
[Site "Ceriano Laghetto"]
[Date "2015.03.07"]
[Round "2"]
[White "Revinelli, Sergio"]
[Black "Colombo, Luca"]
[WhiteElo "1795"]
[BlackElo "1837"]
[Result "1/2-1/2"]
[PlyCount "47"]
[EventDate "2015.03.06"]

1. e4 c5 2. Nf3 Nc6 3. d4 cxd4 4. Nxd4 e6 5. Be3 a6 6. Bd3 Qc7 7. Nxc6 Qxc6 8.
O-O Nf6 9. Nd2 b5 10. Rc1 Bb7 11. c4 Qd6 12. Qe2 b4 13. f3 Qc7 14. f4 Bc5 15.
Bxc5 Qxc5+ 16. Kh1 d6 17. e5 Nd7 18. exd6 Qxd6 19. Be4 Bxe4 20. Nxe4 Qc6 21.
Rfd1 O-O 22. Rd6 Qc7 23. Rcd1 Nc5 24. Nxc5 1/2-1/2

[Event "XXIV Weekend B"]
[Site "Ceriano Laghetto"]
[Date "2015.03.07"]
[Round "2"]
[White "Scovazzi, Tullio"]
[Black "Poletto, Daniele"]
[WhiteElo "1679"]
[BlackElo "1708"]
[Result "0-1"]
[PlyCount "88"]
[EventDate "2015.03.06"]

1. e4 c5 2. d4 cxd4 3. c3 Nf6 4. e5 Nd5 5. Bc4 Qc7 6. Qe2 Nb6 7. Bb3 Nc6 8. Nf3
Na5 9. Nxd4 Nxb3 10. axb3 a6 11. O-O g6 12. Bf4 Bg7 13. Bg3 e6 14. Nd2 O-O 15.
Ne4 Qd8 16. Nd6 f6 17. Rad1 fxe5 18. Bxe5 Bxe5 19. Qxe5 Qf6 20. Nf3 a5 21. Qe4
Nd5 22. Qe5 Qxe5 23. Nxe5 Ra6 24. Nec4 Nb6 25. Ne5 Nd5 26. Nec4 Nb6 27. Rd2
Nxc4 28. bxc4 Rb6 29. Ra1 Ra6 30. Ra4 Kg7 31. Nxc8 Rxc8 32. Rxd7+ Kh6 33. Rxb7
Rd6 34. g3 Rd2 35. Rxa5 Rxc4 36. Re5 Rc6 37. Rb4 Rcd6 38. c4 Rc2 39. Re3 Rdd2
40. Rf3 e5 41. b3 e4 42. Rf4 e3 43. Rh4+ Kg7 44. fxe3 Rd1# 0-1

[Event "XXIV Weekend B"]
[Site "Ceriano Laghetto"]
[Date "2015.03.07"]
[Round "2"]
[White "Squillante, Michele"]
[Black "Orlandini, Andrea"]
[WhiteElo "1710"]
[BlackElo "1646"]
[Result "1/2-1/2"]
[PlyCount "77"]
[EventDate "2015.03.06"]

1. d4 d5 2. Nf3 Nf6 3. Bg5 h6 4. Bh4 Bf5 5. Nbd2 e6 6. e3 Nbd7 7. c3 c5 8. Ne5
a6 9. Be2 Be7 10. f4 cxd4 11. exd4 Ne4 12. Bxe7 Qxe7 13. Ndf3 Nxe5 14. fxe5 O-O
15. O-O Rac8 16. Nd2 Qg5 17. Nxe4 Bxe4 18. Bf3 Bxf3 19. Rxf3 b5 20. a3 Qh5 21.
Qd3 Qg6 22. Qe2 Qh5 23. Qe3 Qg5 24. Raf1 Qxe3+ 25. Rxe3 a5 26. h3 Rc7 27. Rf2
Rb8 28. g4 b4 29. cxb4 axb4 30. Rb3 Rcb7 31. axb4 Rxb4 32. Rxb4 Rxb4 33. Rd2 f6
34. exf6 gxf6 35. Kg2 Kf7 36. Kg3 Kg6 37. Re2 Rxd4 38. Rxe6 Rb4 39. Re2 1/2-1/2

[Event "XXIV Weekend B"]
[Site "Ceriano Laghetto"]
[Date "2015.03.07"]
[Round "2"]
[White "Tahiraj, Almir"]
[Black "Regorda, Vittorio"]
[WhiteElo "1846"]
[BlackElo "1791"]
[Result "1-0"]
[PlyCount "109"]
[EventDate "2015.03.06"]

1. f4 c5 2. e3 Nc6 3. Nf3 d6 4. d4 cxd4 5. exd4 d5 6. c3 Nf6 7. Bd3 Bg4 8. O-O
e6 9. Qb3 Qb6 10. Qa4 Bxf3 11. Rxf3 Bd6 12. Nd2 O-O 13. Kh1 Rac8 14. Qd1 Qc7
15. Qf1 Ng4 16. h3 Nf6 17. Qf2 g6 18. Nf1 Ne4 19. Qe1 f5 20. Be3 Na5 21. Nd2
Rf6 22. Rc1 Nxd2 23. Qxd2 Nc4 24. Bxc4 Qxc4 25. a3 b5 26. Re1 Rff8 27. Bf2 Rfe8
28. Bh4 Kf7 29. Qf2 Qc7 30. Bg5 Be7 31. Bh4 Bxh4 32. Qxh4 Kg7 33. Rfe3 Qf7 34.
Qf2 Qd7 35. Re5 a6 36. Qe2 Kf7 37. g4 Rcd8 38. Qf2 Kg7 39. Qh4 Qe7 40. Qxe7+
Rxe7 41. gxf5 Kf6 42. fxe6 Rd6 43. Kg2 Rexe6 44. Kf3 a5 45. h4 h5 46. Rg1 Kf7
47. Rgg5 Rxe5 48. Rxe5 a4 49. f5 gxf5 50. Rxf5+ Rf6 51. Rxf6+ Kxf6 52. Kf4 Ke6
53. Kg5 Ke7 54. Kxh5 Kf6 55. Kg4 1-0

[Event "XXIV Weekend B"]
[Site "Ceriano Laghetto"]
[Date "2015.03.07"]
[Round "3"]
[White "Alessandro, Sergio"]
[Black "Revinelli, Sergio"]
[WhiteElo "1692"]
[BlackElo "1795"]
[Result "1/2-1/2"]
[PlyCount "81"]
[EventDate "2015.03.06"]

1. b4 e5 2. Bb2 f6 3. e4 Bxb4 4. Bc4 Ne7 5. Qh5+ Ng6 6. Nf3 Nc6 7. c3 Bc5 8.
Nh4 Nce7 9. d4 Bd6 10. Na3 a6 11. O-O Kf8 12. Nc2 Qe8 13. Nf5 b5 14. Nxd6 cxd6
15. Bb3 Bb7 16. d5 Nf4 17. Qxe8+ Kxe8 18. g3 Nfg6 19. Ne3 Rf8 20. a4 f5 21.
exf5 Nxf5 22. Nxf5 Rxf5 23. axb5 Rf8 24. bxa6 Bxa6 25. Rfe1 Kd8 26. Re4 Kc7 27.
Rea4 Rfb8 28. Rxa6 Rxa6 29. Rxa6 Rxb3 30. Ba3 Rxc3 31. Bxd6+ Kb7 32. Ra5 Rc8
33. Rb5+ Ka6 34. Rb4 Ka7 35. f4 exf4 36. Bxf4 Ka6 37. h4 Rf8 38. Bc7 Rf5 39.
Rb6+ Ka7 40. Rd6 Rf7 41. Rb6 1/2-1/2

[Event "XXIV Weekend B"]
[Site "Ceriano Laghetto"]
[Date "2015.03.07"]
[Round "3"]
[White "Bernasconi, Roberto"]
[Black "Tahiraj, Almir"]
[WhiteElo "1891"]
[BlackElo "1846"]
[Result "1-0"]
[PlyCount "85"]
[EventDate "2015.03.06"]

1. e4 d5 2. exd5 Qxd5 3. Nc3 Qa5 4. d4 Nf6 5. Nf3 c6 6. Bc4 Bf5 7. Bd2 e6 8.
Qe2 Qd8 9. O-O-O Nbd7 10. h3 Nb6 11. Bb3 Nbd5 12. g4 Bg6 13. Nxd5 Nxd5 14. Ne5
Be7 15. f4 Bd6 16. f5 f6 17. Nxg6 hxg6 18. Qxe6+ Qe7 19. Bxd5 cxd5 20. Qxd5
O-O-O 21. fxg6 Bc7 22. Qf5+ Kb8 23. Bf4 Ka8 24. Bxc7 Qxc7 25. Rd3 Qc6 26. Rhd1
Rd5 27. Qf3 Rhd8 28. Kb1 a6 29. b3 Qe8 30. Re3 Qxg6 31. Re7 R5d7 32. Qe4 Qxe4
33. Rxe4 Rh8 34. Rd3 Ka7 35. c4 Kb6 36. Kc2 Kc6 37. Kc3 Kd6 38. Rde3 Rh6 39.
Re6+ Kc7 40. a4 Rh8 41. Re7 Kd8 42. Rxd7+ Kxd7 43. a5 1-0

[Event "XXIV Weekend B"]
[Site "Ceriano Laghetto"]
[Date "2015.03.07"]
[Round "3"]
[White "Canali, Marco"]
[Black "Moroni, Luca"]
[WhiteElo "1819"]
[BlackElo "1833"]
[Result "1/2-1/2"]
[PlyCount "29"]
[EventDate "2015.03.06"]

1. e4 c5 2. Nf3 d6 3. Bb5+ Bd7 4. Bxd7+ Nxd7 5. O-O Ngf6 6. Qe2 g6 7. c3 Bg7 8.
d4 cxd4 9. cxd4 O-O 10. Nc3 e5 11. dxe5 Nxe5 12. Nxe5 dxe5 13. Rd1 Qc8 14. Be3
a6 15. Nd5 1/2-1/2

[Event "XXIV Weekend B"]
[Site "Ceriano Laghetto"]
[Date "2015.03.07"]
[Round "3"]
[White "Carbone, Lorenzo"]
[Black "Mazzoccoli, Simone"]
[WhiteElo "1605"]
[BlackElo "1733"]
[Result "1-0"]
[PlyCount "65"]
[EventDate "2015.03.06"]

1. e4 c5 2. Nf3 Nc6 3. d4 cxd4 4. Nxd4 g6 5. Bc4 Bg7 6. Be3 Nf6 7. Nc3 O-O 8.
Qd2 Ng4 9. Nxc6 bxc6 10. Bf4 Qb6 11. Bb3 Ba6 12. f3 Nf6 13. Be3 Qc7 14. Bf4 Qa5
15. g4 e5 16. Be3 Rfd8 17. Qd6 Re8 18. O-O-O Qd8 19. g5 Nh5 20. Qxd7 Qe7 21.
Qxe7 Rxe7 22. Rd6 Rc7 23. Rhd1 Bf8 24. Rd7 Rac8 25. Bxf7+ Kh8 26. Be6 Ng7 27.
Rxg7 Kxg7 28. Bxc8 Bxc8 29. f4 exf4 30. Bxf4 Rf7 31. Be5+ Kg8 32. Bf6 Be7 33.
Bxe7 1-0

[Event "XXIV Weekend B"]
[Site "Ceriano Laghetto"]
[Date "2015.03.07"]
[Round "3"]
[White "Cervini, Gian Piero"]
[Black "Ranieri, Matteo"]
[WhiteElo "1743"]
[BlackElo "1688"]
[Result "1-0"]
[PlyCount "47"]
[EventDate "2015.03.06"]

1. e4 e6 2. d4 d5 3. Nc3 Bb4 4. a3 Bxc3+ 5. bxc3 Ne7 6. Bd3 h6 7. Qg4 Rg8 8. e5
Nf5 9. Ne2 c5 10. dxc5 Qh4 11. Bxf5 Qxg4 12. Bxg4 Nd7 13. f4 Nxc5 14. Be3 b6
15. O-O Ba6 16. Bxc5 bxc5 17. Rfb1 Kd7 18. Nc1 Rgb8 19. Be2 c4 20. Na2 g6 21.
Rb4 Kc7 22. Rab1 Rxb4 23. cxb4 d4 24. b5 1-0

[Event "XXIV Weekend B"]
[Site "Ceriano Laghetto"]
[Date "2015.03.07"]
[Round "3"]
[White "Colombo, Luca"]
[Black "Milanesi, Erminio"]
[WhiteElo "1837"]
[BlackElo "1776"]
[Result "0-1"]
[PlyCount "136"]
[EventDate "2015.03.06"]

1. e4 g6 2. d4 Nh6 3. Nc3 f6 4. Nf3 Nf7 5. Bc4 e6 6. Be3 d6 7. O-O Bg7 8. Qe2
O-O 9. Rad1 c6 10. a4 a5 11. Nd2 Na6 12. Bb3 d5 13. exd5 exd5 14. Nf3 Re8 15.
Qd2 Bg4 16. Na2 Bxf3 17. gxf3 Nd6 18. c3 Nc4 19. Bxc4 dxc4 20. d5 c5 21. d6 Qd7
22. Qd5+ Kh8 23. Qxc4 b6 24. Nc1 Nb8 25. Ne2 Nc6 26. Qb5 Ne5 27. Qxd7 Nxd7 28.
Nf4 Rad8 29. Nd5 Kg8 30. Nc7 Re5 31. Rfe1 Bf8 32. Kg2 Kf7 33. Bf4 Rxe1 34. Rxe1
g5 35. Bg3 h6 36. Kf1 Ne5 37. Bxe5 fxe5 38. Nd5 Rxd6 39. Rxe5 Bg7 40. Rf5+ Ke6
41. Ne3 Rd3 42. Rxc5 bxc5 43. Nc4 Rd1+ 44. Ke2 Rh1 45. Nxa5 Be5 46. Nc4 Bb8 47.
b4 cxb4 48. cxb4 Rxh2 49. b5 Rh4 50. Kd3 Kd5 51. Nb6+ Kd6 52. a5 Rb4 53. Nc4+
Kc5 54. Nb6 Rxb5 55. Nd7+ Kd6 56. Nf6 Rxa5 57. Ke4 Ke6 58. Nh5 Be5 59. f4 Ra4+
60. Kf3 Rxf4+ 61. Nxf4+ Bxf4 62. Kg4 Kf6 63. Kh3 Kf5 64. f3 h5 65. Kg2 Ke5 66.
Kf2 Kd4 67. Kf1 Ke3 68. Kg2 Be5 0-1

[Event "XXIV Weekend B"]
[Site "Ceriano Laghetto"]
[Date "2015.03.07"]
[Round "3"]
[White "Galli, Agostino"]
[Black "Baronio, Gaia"]
[WhiteElo "1747"]
[BlackElo "1822"]
[Result "0-1"]
[PlyCount "72"]
[EventDate "2015.03.06"]

1. d4 d5 2. c4 c6 3. cxd5 cxd5 4. Nc3 Nf6 5. Nf3 Nc6 6. Bf4 e6 7. a3 a6 8. h3
b5 9. b4 Bb7 10. e3 Be7 11. Be2 O-O 12. O-O Qb6 13. Qd3 Rfc8 14. Rfc1 Ne4 15.
Nxe4 dxe4 16. Qxe4 Nxb4 17. Qe5 Nc2 18. Bd3 Nxa1 19. Rxa1 Bf6 20. Qh5 g6 21.
Qh6 Bxf3 22. gxf3 Qd8 23. Bg3 Bg5 24. Bh4 Bxh6 25. Bxd8 Rxd8 26. Be4 Rab8 27.
Kh2 a5 28. h4 b4 29. axb4 axb4 30. h5 b3 31. hxg6 hxg6 32. f4 b2 33. Rg1 Kh7
34. d5 exd5 35. Bb1 f5 36. f3 Rdc8 0-1

[Event "XXIV Weekend B"]
[Site "Ceriano Laghetto"]
[Date "2015.03.07"]
[Round "3"]
[White "Greco, Umberto"]
[Black "Scovazzi, Tullio"]
[WhiteElo "1705"]
[BlackElo "1679"]
[Result "1-0"]
[PlyCount "109"]
[EventDate "2015.03.06"]

1. c4 e6 2. Nc3 d5 3. cxd5 exd5 4. d4 Nf6 5. Nf3 Be7 6. Bf4 c6 7. e3 Bg4 8. Be2
Nbd7 9. h3 Bh5 10. O-O O-O 11. a3 a6 12. Rb1 Bg6 13. Bd3 Qb6 14. Bxg6 hxg6 15.
Na4 Qa7 16. b4 Rac8 17. Nc5 Rfd8 18. Qd3 Nf8 19. Rfc1 Bd6 20. Bxd6 Rxd6 21. a4
Rdd8 22. b5 cxb5 23. axb5 Rd6 24. bxa6 bxa6 25. Rb7 Qa8 26. Rcb1 N6d7 27. Nxd7
Rxd7 28. R7b6 a5 29. Qa3 Rdc7 30. R6b5 a4 31. R5b4 Ra7 32. Ne5 f6 33. Nd3 Qc6
34. Rc1 Qd7 35. Rxc8 Qxc8 36. Rxa4 Rxa4 37. Qxa4 Qc3 38. Qd1 Ne6 39. Ne1 Kh7
40. Nf3 Qc7 41. Qb1 Qc6 42. Nh4 Nf8 43. Qb4 Qe8 44. Qc5 Qf7 45. g3 Nd7 46. Qc7
Qe6 47. Kh2 Nf8 48. Ng2 Qe4 49. Qf4 Qe8 50. Qd6 Qf7 51. Nf4 g5 52. Qxd5 Qc7 53.
Ne6 Nxe6 54. Qxe6 Qc2 55. Kg2 1-0

[Event "XXIV Weekend B"]
[Site "Ceriano Laghetto"]
[Date "2015.03.07"]
[Round "3"]
[White "Monticelli, Francesco"]
[Black "Pedemonte, Claudio"]
[WhiteElo "1733"]
[BlackElo "1707"]
[Result "1-0"]
[PlyCount "59"]
[EventDate "2015.03.06"]

1. e4 d6 2. d4 Nf6 3. Nc3 g6 4. Bc4 Bg7 5. Be3 O-O 6. h3 c6 7. Nf3 b5 8. Bb3 b4
9. e5 bxc3 10. exf6 Bxf6 11. bxc3 a5 12. Bc4 Ba6 13. Bxa6 Nxa6 14. Qd2 Qc7 15.
Rb1 e5 16. O-O e4 17. Nh2 Rab8 18. Ng4 Bg7 19. Bh6 f5 20. Bxg7 Qxg7 21. Ne3 Nc7
22. Nc4 Qd7 23. Nxa5 Ne6 24. d5 cxd5 25. Qxd5 Kh8 26. Nc4 Rxb1 27. Rxb1 Rc8 28.
Rb7 Qxb7 29. Qxb7 Rxc4 30. Qd5 1-0